Cars 2 - Voitures du World Grand Prix - Statistiques

Statistiques générales
  • Ce quiz a été pris 523 fois
  • Le résultat moyen est 5 sur 11
Statistiques - réponses
Hint Réponse % Correct
11 Flash McQueen
98%
1 Francesco Bernoulli
76%
2 Lewis Hamilton
66%
5 Raoul ÇaRoule
66%
7 Carla Veloso
49%
4 Miguel Camino
42%
6 Shu Todoroki
41%
3 Max Schnell
28%
10 Jeff Gorvette
27%
8 Nigel Gearsley
20%
9 Rip Clutchgoneski
11%
Aucun quiz correspondant
Distribution des résultats
% des personnes avec chaque résultat
Percentile par nombre de réponses
Votre historique - résultats
Vous n’avez pas pris ce quiz